| 000 | 01248nam a2200325Ia 4500 | ||
|---|---|---|---|
| 001 | ebr10150426 | ||
| 003 | CaPaEBR | ||
| 006 | m u | ||
| 007 | cr cn||||||||| | ||
| 008 | 061102s2006 nyua sb 001 0 eng d | ||
| 010 | _z 2006285391 | ||
| 020 | _z140398364X | ||
| 020 | _z1403972303 | ||
| 020 | _z9781403972309 | ||
| 040 |
_aCaPaEBR _cCaPaEBR |
||
| 035 | _a(OCoLC)123413428 | ||
| 050 | 1 | 4 |
_aHD5756.A6 _bS44 2006eb |
| 100 | 1 | _aSehnbruch, Kirsten. | |
| 245 | 1 | 4 |
_aThe Chilean labor market _h[electronic resource] : _ba key to understanding Latin American labor markets / _cby Kirsten Sehnbruch. |
| 250 | _a1st ed. | ||
| 260 |
_aNew York : _bPalgrave Macmillan, _c2006. |
||
| 300 |
_axxiii, 339 p. : _bill. |
||
| 504 | _aIncludes bibliographical references (p. [319]-334) and index. | ||
| 533 |
_aElectronic reproduction. _bPalo Alto, Calif. : _cebrary, _d2011. _nAvailable via World Wide Web. _nAccess may be limited to ebrary affiliated libraries. |
||
| 600 | 1 | 0 |
_aSen, Amartya, _d1933- |
| 650 | 0 |
_aLabor market _zChile. |
|
| 655 | 7 |
_aElectronic books. _2local |
|
| 710 | 2 | _aebrary, Inc. | |
| 856 | 4 | 0 |
_uhttp://site.ebrary.com/lib/rucke/Doc?id=10150426 _zAn electronic book accessible through the World Wide Web; click to view |
| 999 |
_c93991 _d93991 |
||